Four Novels of George Eliot (Record no. 533909)

000 -LEADER
fixed length control field 00312nam a22001337a 4500
020 ## - INTERNATIONAL STANDARD BOOK NUMBER
International Standard Book Number 1840220627
040 ## - CATALOGING SOURCE
Transcribing agency MSOHAIL
082 ## - DEWEY DECIMAL CLASSIFICATION NUMBER
Classification number 823.8
100 ## - MAIN ENTRY--PERSONAL NAME
Personal name Adam Bede
9 (RLIN) 27959
245 ## - TITLE STATEMENT
Title Four Novels of George Eliot
260 ## - PUBLICATION, DISTRIBUTION, ETC.
Place of publication, distribution, etc. London
Name of publisher, distributor, etc. Wordsworth Editions Ltd
Date of publication, distribution, etc. c2005
300 ## - PHYSICAL DESCRIPTION
Extent 1421;pxv
942 ## - ADDED ENTRY ELEMENTS (KOHA)
Source of classification or shelving scheme
Koha item type Book
Holdings
Withdrawn status Lost status Source of classification or shelving scheme Damaged status Not for loan Permanent Location Current Location Date acquired Total Checkouts Full call number Barcode Date last seen Price effective from Koha item type
          School of Civil and Environmental Engineering (SCEE) School of Civil and Environmental Engineering (SCEE) 01/24/2020   823.8 NIT-9440 01/24/2020 01/24/2020 Book
© 2023 Central Library, National University of Sciences and Technology. All Rights Reserved.